Servomecanismos
Saved in:
| Hovedforfatter: | |
|---|---|
| Format: | Bog |
| Sprog: | spansk |
| Udgivet: |
Bilbao
Urmo
1973
|
| Fag: | |
| Tags: |
Tilføj Tag
Ingen Tags, Vær først til at tagge denne postø!
|
MARC
| LEADER | 00000nam a2200000 a 4500 | ||
|---|---|---|---|
| 001 | UCN8864 | ||
| 003 | CL-VaPUC | ||
| 008 | 011123e19730000SP |||||||||||||||||spa|d | ||
| 082 | 0 | 4 | |a 629.8323 |b STO |2 21 |
| 100 | 0 | |a Stockdale, L. A |e author |9 465424 | |
| 245 | 1 | 0 | |a Servomecanismos |
| 300 | |a 316 p | ||
| 942 | |c BK | ||
| 945 | |d 20011123 00:00:00 |a vberengu | ||
| 260 | |a Bilbao |b Urmo |c 1973 | ||
| 650 | 0 | |a Control automático |9 259890 | |
| 650 | 0 | |a Servomecanismos |9 260343 | |
| 650 | 0 | |a Automatización |9 299909 | |
| 650 | 7 | |a CONTROL DE SISTEMAS |2 CL-VaPUC |9 352951 | |
| 650 | 0 | |a Amplificadores |9 338119 | |
| 650 | 0 | |a Motores |9 334293 | |
| 650 | 7 | |a TACOMETROS |2 CL-VaPUC |9 429906 | |
| 650 | 0 | |a Engranajes |9 271783 | |
| 583 | |a last modification |c 20011123 00:00:00 |k Rodrigo Vera | ||
| 999 | |c 298603 |d 298601 | ||
| 952 | |0 0 |1 0 |4 0 |6 629_832300000000000_STO_1973 |7 0 |8 A |9 354306 |a BIBMEC |b BIBMEC |d 2019-11-21 |i 3777847 |o 629.8323 STO 1973 |p 3777847 |r 2024-01-19 |w 2019-11-21 |y BK |k MEC | ||